| 000 | 00645cas a2200229 a 4500 | ||
|---|---|---|---|
| 022 | 0 | _a0580-9517 | |
| 040 | _cMUL | ||
| 082 | 0 | 0 | _a576 ACA 1969 A082 Or. |
| 245 | 0 | 0 | _aMethods in microbiology. |
| 260 |
_aLondon ; _aNew York : _bAcademic Press, _c1969- |
||
| 300 |
_avolumes : _billustrations ; _c26 cm |
||
| 500 | _aVols. 17, 19- have distinctive titles. | ||
| 650 | 0 | _aMicrobiology | |
| 650 | 0 | 2 | _aMicrobiological Techniques. |
| 650 | 0 | 2 | _aMicrobiology. |
| 650 | 6 | _aMicrobiologie | |
| 650 | 7 | _aMicrobiology | |
| 650 | 1 | 7 | _aMicrobiologie. |
| 650 | 1 | 7 | _aWetenschappelijke technieken. |
| 650 | 4 | _aMicrobiological technics | |
| 942 | _cEK | ||
| 999 |
_c16018 _d16018 |
||